000 00525nam a2200181Ia 4500
008 090124s9999 xx 000 0 und d
082 _b24502
100 _aकुलकर्णी विनायक
245 _a झाकोळ
250 _a1
260 _bआरती प्रकाशन
_c1986
300 _a175
600 _aकुलकर्णी विनायक
630 _a झाकोळ
700 _aकुलकर्णी विनायक
730 _a झाकोळ
942 _cBOOK
999 _c92782
_d92782